000 00693nam a22002177a 4500
003 UA-OsUOA
001 79388
007 ta
008 20111109b un ||||| |||| 00| 0 ukr d
100 _aПолонська О.М.
090 _a330(477)
_bП52
942 _cSA
040 _aUA-OsUOA
_bukr
_cUA-OsUOA
_dUA-OsUOA
245 _aМетодологічні підходи до моделювання трудових процесів у хлібопекарському виробництві
300 _aС.35-40
955 _a0
041 _aukr
080 _a330(477)
773 0 _w79382
_tЕкономіка АПК
_dК.
_d2011
_g11
650 7 _a330 Економіка взагалі
_2UDC
999 _c365707
_d365707